Fundamental Accounting Principles (Record no. 9575)

MARC details
000 -LEADER
fixed length control field 00528nam a22002057a 4500
003 - CONTROL NUMBER IDENTIFIER
control field OSt
005 - DATE AND TIME OF LATEST TRANSACTION
control field 20251018133202.0
008 - FIXED-LENGTH DATA ELEMENTS--GENERAL INFORMATION
fixed length control field 251018b |||||||| |||| 00| 0 eng d
020 ## - INTERNATIONAL STANDARD BOOK NUMBER
International Standard Book Number 8184884516
020 ## - INTERNATIONAL STANDARD BOOK NUMBER
International Standard Book Number 9788184884518
040 ## - CATALOGING SOURCE
Transcribing agency DDC
082 ## - DEWEY DECIMAL CLASSIFICATION NUMBER
Classification number 657 GAN 2014
100 ## - MAIN ENTRY--PERSONAL NAME
Personal name Ganwar, Sharda; Wild, John
9 (RLIN) 19480
245 ## - TITLE STATEMENT
Title Fundamental Accounting Principles
250 ## - EDITION STATEMENT
Edition statement Asian ed.
260 ## - PUBLICATION, DISTRIBUTION, ETC. (IMPRINT)
Place of publication, distribution, etc. Mombai; Himalaya publishing, 2014
300 ## - PHYSICAL DESCRIPTION
Extent 330p.; Ill: 25cm
650 ## - SUBJECT ADDED ENTRY--TOPICAL TERM
Topical term or geographic name as entry element Accounting
9 (RLIN) 1379
942 ## - ADDED ENTRY ELEMENTS (KOHA)
Source of classification or shelving scheme Dewey Decimal Classification
Koha item type Open Shelf
Holdings
Withdrawn status Lost status Source of classification or shelving scheme Damaged status Not for loan Home library Current library Date acquired Source of acquisition Inventory number Total Checkouts Full call number Barcode Date last seen Koha item type
    Dewey Decimal Classification     MUST Main Library MUST Main Library 18/10/2025 Purchase 25/42466   657 GAN 2014 2025-0143 18/10/2025 Open Shelf
    Dewey Decimal Classification     MUST Main Library MUST Main Library 18/10/2025 Purchase 25/42467   657 GAN 2014 2025-0144 18/10/2025 Open Shelf